000 00536nam a2200193Ia 4500
008 210719s2005 xx 000 0 und d
020 _a0-07-058243-2
041 _aeng
082 _a174.4 HARP
100 _aHARTMAN (Laura P)
245 _aPerspectives in business ethics Ed 2
250 _a2
260 _aNew Delhi
_bTata McGraw-Hill Publishing Company Ltd.
_c2005
300 _axvii,811
_bPB
365 _cRs
650 _aBusiness Ethics
650 _aManagement
906 _a2 ; business ; Ed ; ethics ; in ; Perspectives
999 _c214601
_d214601